Normal view
MARC view
- Graham, Barbara,
Entry Personal Name
001 - CONTROL NUMBER
- control field: 4024
003 - CONTROL NUMBER IDENTIFIER
- control field: NUST
005 - DATE AND TIME OF LATEST TRANSACTION
- control field: 20170823135049.0
008 - FIXED-LENGTH DATA ELEMENTS
- fixed length control field: 170823|| aca||aabn | a|a d
040 ## - CATALOGING SOURCE
- Original cataloging agency: NUST
- Transcribing agency: NUST
100 ## - HEADING--PERSONAL NAME
- Personal name: Graham, Barbara,
- Dates associated with a name: 1947 August 3-
670 ## - SOURCE DATA FOUND
- Source citation: Work cat.: (NUST)0: Ali, Lynda, 1946- 4021, The counselling approach to careers guidance /, 1996.
